000 00301nam a2200109Ia 4500
008 220204s9999 xx 000 0 und d
082 _a621.3.04(035)
_bLEN
100 _aJohn D
245 0 _aHandbook of integrated circuits: For engineers and technicians
260 _aReston
_bReston
_c1978
942 _cBK
999 _c29731
_d29731